000 00289nam a22000977a 4500
005 20200901102728.0
008 200901b xxu||||| |||| 00| 0 eng d
245 _aINTERNATIONAL JOURNAL OF CURRENT PHARMACEUTICAL & CLINICAL RESEARCH
_bVOL-10, ISSUE- 1
650 _aPHARMACY
_96324
942 _cJRL
999 _c7430
_d7428